000 01684nam a2200433 a 4500
001 13472
005 20260206123524.0
008 980818s1997 txua b 001 0 eng d
010 _a 98203719
020 _a0874933277
020 _a9780874933277
035 _a2152670
035 _a(OCoLC)39711708
040 _aBSULIB
042 _alccopycat
050 0 4 _aRC675
_b.A376 2001
082 0 0 _a616.1/23025
_221
245 0 0 _aAdvanced cardiac life support provider manual /
_cAmerican Heart Association ; editor, Richard O. Cummins.
246 3 0 _aACLS
260 _a[Dallas, Tex.] :
_bAmerican Heart Association,
_cc2001.
300 _a1 v. (various pagings) :
_bill. ;
_c28 cm.
500 _a"2001` Emergency Cardiovascular Care Programs"--P. [1] of cover.
504 _aIncludes bibliographical references and index.
650 0 _aCardiac resuscitation
_xStudy and teaching.
_913845
650 0 _aCardiac arrest
_xStudy and teaching.
_913846
650 0 _aCardiovascular emergencies
_xStudy and teaching.
_913847
650 0 _aEmergency medical services.
_913848
650 2 _aCardiopulmonary Resuscitation.
_913849
650 2 _aEmergency Medicine
_xeducation.
_913850
650 2 _aHeart Arrest
_xtherapy.
_913851
650 2 _aLife Support Care.
_913852
700 1 _aCummins, Richard O.
_913853
710 2 _aAmerican Heart Association.
_913854
730 0 _aEmergency cardiovascular care programs.
_913855
906 _a7
_bcbc
_ccopycat
_d2
_encip
_f19
_gy-gencatlg
942 _2ddc
_cBK
999 _c13472
_d13472